[Event "Oberbayern Bezirksliga 1718"]
[Site "Germany"]
[Date "2018.02.04"]
[Round "6.7"]
[White "Baron, Marek"]
[Black "Walter, Stefan2"]
[Result "0-1"]
[WhiteElo "1891"]
[BlackElo "1976"]
[PlyCount "90"]
[EventDate "2017.10.22"]
[EventType "team-tourn"]
[EventRounds "9"]
[EventCountry "GER"]
[SourceTitle "EXT 2019"]
[Source "ChessBase"]
[SourceDate "2018.10.10"]
[SourceVersion "1"]
[SourceVersionDate "2018.10.10"]
[SourceQuality "1"]
[WhiteTeam "Waldkraiburg"]
[BlackTeam "Neuburg"]
[WhiteTeamCountry "GER"]
[BlackTeamCountry "GER"]

1. Nf3 g6 2. d4 Bg7 3. c3 d6 4. Bf4 Nd7 5. e3 b6 6. Be2 Bb7 7. 0-0 h5 8. h3 e6 9. Nbd2 Qe7 10. Qa4 a6 11. Bh2 g5 12. Kh1 g4 13. Ng1 Qg5 14. Bf4 Qg6 15. h4 Bf6 16. Bg3 Ne7 17. Kh2 b5 18. Qb3 e5 19. Rfc1 0-0 20. c4 exd4 21. exd4 Bxd4 22. cxb5 Nc5 23. Qc2 Qf6 24. Rf1 Bxb2 25. Rab1 Be5 26. bxa6 Qxh4+ 27. Nh3 Bxg2 28. Kxg2 Qxh3+ 29. Kg1 Bxg3 30. fxg3 Qxg3+ 31. Kh1 Qh3+ 32. Kg1 Qe3+ 33. Kh1 Qxe2 34. Rbe1 Qd3 35. Qxd3 Nxd3 36. Rxe7 Rxa6 37. Rxc7 Rxa2 38. Ne4 Ne5 39. Nf6+ Kh8 40. Rf5 Kg7 41. Kg1 Kg6 42. Rf4 Rb8 43. Rc1 Nf3+ 44. Kf1 Rbb2 45. Ne4 Rh2 0-1

[Event "Regionalliga SO 1516"]
[Site "Bayern"]
[Date "2016.01.17"]
[Round "5.8"]
[White "Goetz, Andreas2"]
[Black "Baron, Marek"]
[Result "1/2-1/2"]
[WhiteElo "1945"]
[BlackElo "1924"]
[PlyCount "151"]
[EventDate "2015.10.11"]
[EventType "team-tourn"]
[EventRounds "9"]
[EventCountry "GER"]
[SourceTitle "EXT 2018"]
[Source "ChessBase"]
[SourceDate "2017.10.13"]
[SourceVersion "1"]
[SourceVersionDate "2017.10.13"]
[SourceQuality "1"]
[WhiteTeam "Ingolstadt"]
[BlackTeam "Waldkraiburg"]
[WhiteTeamCountry "GER"]
[BlackTeamCountry "GER"]

1. g3 d5 2. Bg2 Nf6 3. d3 c6 4. Nc3 e5 5. h3 Bd6 6. e4 dxe4 7. dxe4 0-0 8. Bg5 h6 9. Be3 Bc7 10. Qf3 Qe7 11. g4 Nh7 12. Nge2 Be6 13. Qg3 f6 14. h4 Nd7 15. Bh3 Bb6 16. Bd2 Bc7 17. 0-0-0 b5 18. g5 fxg5 19. Bxe6+ Qxe6 20. hxg5 Nxg5 21. Bxg5 hxg5 22. Qxg5 Bd8 23. Qg3 Nc5 24. Rh5 Bf6 25. Qg6 Qe8 26. Qh7+ Kf7 27. Rd6 Ke7 28. Rxf6 Rxf6 29. Rxe5+ Ne6 30. Qxg7+ Qf7 31. Qg4 Rg8 32. Qh3 Rf3 33. Qh6 Qf6 34. Rxe6+ Kxe6 35. Nd4+ Kd7 36. Qxf6 Rxf6 37. f3 Rg2 38. b3 Rh6 39. b4 Rh1+ 40. Kb2 Rhh2 41. e5 Rd2 42. e6+ Kc7 43. e7 Kd7 44. Nxc6 Rxc2+ 45. Kb3 Rb2+ 46. Ka3 Rbf2 47. Nxa7 Rxf3 48. Naxb5 Kxe7 49. Kb3 Kd7 50. a4 Rh4 51. Na3 Rff4 52. Na2 Kc6 53. a5 Rf3+ 54. Nc3 Rhh3 55. Nab5 Rfg3 56. Kc4 Rh4+ 57. Nd4+ Kb7 58. Ncb5 Rg1 59. Nc3 Ka6 60. Ncb5 Rc1+ 61. Nc3 Rh5 62. Ndb5 Rc2 63. Kb3 Rc1 64. Kc4 Rh4+ 65. Kb3 Rh3 66. Nc7+ Kb7 67. N7d5 Kc6 68. b5+ Kb7 69. a6+ Ka7 70. Kb4 Rh4+ 71. Kc5 Rc2 72. b6+ Kxa6 73. Nb4+ Kb7 74. Nxc2 Rh5+ 75. Nd5 Rxd5+ 76. Kxd5 1/2-1/2

[Event "GER-ch41 final email"]
[Site "GER email"]
[Date "2012.03.10"]
[Round "?"]
[White "Baron, Marek"]
[Black "Jendrian, Michael"]
[Result "1/2-1/2"]
[WhiteElo "2309"]
[BlackElo "2170"]
[PlyCount "57"]
[EventDate "2011.09.12"]
[EventType "tourn (corr)"]
[EventRounds "19"]
[EventCountry "GER"]
[SourceTitle "Corr 2015"]
[Source "ChessBase"]
[SourceDate "2015.07.17"]
[SourceVersion "1"]
[SourceVersionDate "2015.07.17"]
[SourceQuality "1"]

1. e4 c5 2. Nf3 d6 3. d4 cxd4 4. Nxd4 Nf6 5. Nc3 a6 6. Bg5 Nbd7 7. Bc4 Qb6 8. Bb3 e6 9. 0-0 Be7 10. a4 Nc5 11. a5 Qc7 12. f3 h6 13. Be3 Nxb3 14. Nxb3 Bd7 15. Bb6 Qc8 16. f4 Bc6 17. Qe2 0-0 18. Rfd1 Re8 19. Bf2 Qc7 20. h3 Rac8 21. Bb6 Qb8 22. Bf2 e5 23. f5 d5 24. exd5 Bd7 25. Bg3 Bxf5 26. Bxe5 Bc5+ 27. Nxc5 Rxe5 28. Qf2 Bxh3 29. gxh3 1/2-1/2

[Event "GER-ch41 final email"]
[Site "GER email"]
[Date "2012.03.10"]
[Round "?"]
[White "Baron, Marek"]
[Black "Steinke, Ruediger"]
[Result "1/2-1/2"]
[WhiteElo "2309"]
[BlackElo "2238"]
[PlyCount "46"]
[EventDate "2011.09.12"]
[EventType "tourn (corr)"]
[EventRounds "19"]
[EventCountry "GER"]
[SourceTitle "Corr 2015"]
[Source "ChessBase"]
[SourceDate "2015.07.17"]
[SourceVersion "1"]
[SourceVersionDate "2015.07.17"]
[SourceQuality "1"]

1. e4 e5 2. Nf3 Nc6 3. Bb5 a6 4. Ba4 Nf6 5. 0-0 Be7 6. Re1 b5 7. Bb3 d6 8. c3 0-0 9. h3 Bb7 10. d4 Re8 11. Nbd2 Bf8 12. a3 h6 13. Bc2 Nb8 14. b3 Nbd7 15. Bb2 g6 16. a4 c6 17. Bd3 Bg7 18. Bf1 Qc7 19. Qc2 Rab8 20. axb5 axb5 21. Ra7 Qb6 22. Rea1 exd4 23. cxd4 c5 1/2-1/2

[Event "GER-ch38 fin email"]
[Site "GER email"]
[Date "2009.??.??"]
[Round "?"]
[White "Mehlhorn, Uwe"]
[Black "Baron, Marek"]
[Result "1/2-1/2"]
[WhiteElo "2281"]
[BlackElo "2308"]
[PlyCount "66"]
[EventDate "2009.??.??"]
[EventType "tourn (corr)"]
[EventRounds "12"]
[EventCountry "GER"]
[SourceTitle "Corr 2020"]
[Source "ChessBase"]
[SourceDate "2019.09.30"]
[SourceVersion "1"]
[SourceVersionDate "2019.09.30"]
[SourceQuality "1"]

1. Nf3 Nf6 2. c4 c5 3. Nc3 Nc6 4. g3 g6 5. Bg2 Bg7 6. 0-0 d6 7. d4 cxd4 8. Nxd4 Bd7 9. Nc2 0-0 10. b3 Qc8 11. Bb2 Bh3 12. Ne3 Rd8 13. Qc2 Bxg2 14. Kxg2 e6 15. Rad1 a6 16. Kg1 Rb8 17. Ba3 Ne8 18. Ne4 Qc7 19. Bb2 f5 20. Ng5 Qe7 21. Bxg7 Kxg7 22. Nf3 Nf6 23. Qb2 Kg8 24. Rc1 Ne4 25. Rfd1 Rbc8 26. Nd4 Qf6 27. f3 Nc5 28. Qc3 g5 29. Nxc6 Qxc3 30. Rxc3 Rxc6 31. h4 gxh4 32. g4 fxg4 33. Nxg4 a5 1/2-1/2

[Event "GER-ch38 fin email"]
[Site "GER email"]
[Date "2009.??.??"]
[Round "?"]
[White "Rein, Guenter Von"]
[Black "Baron, Marek"]
[Result "1/2-1/2"]
[WhiteElo "2253"]
[BlackElo "2308"]
[PlyCount "74"]
[EventDate "2009.??.??"]
[EventType "tourn (corr)"]
[EventRounds "12"]
[EventCountry "GER"]
[SourceTitle "Corr 2020"]
[Source "ChessBase"]
[SourceDate "2019.09.30"]
[SourceVersion "1"]
[SourceVersionDate "2019.09.30"]
[SourceQuality "1"]

1. d4 d5 2. c4 c6 3. Nf3 Nf6 4. Nc3 e6 5. Bg5 Nbd7 6. e3 Qa5 7. cxd5 Nxd5 8. Qd2 N7f6 9. Bd3 Nxc3 10. bxc3 Nd5 11. 0-0 Qxc3 12. Qe2 f6 13. Bh4 Qa5 14. Bg3 Ba3 15. Nd2 Nc3 16. Qg4 0-0 17. Nc4 Qa4 18. Nd6 Qa5 19. Qh4 g6 20. Nc4 Qa4 21. Nxa3 Qxa3 22. Rfc1 b5 23. Rc2 Rf7 24. Qh6 Nd5 25. Be2 Bb7 26. Bf3 Rd7 27. h4 Qf8 28. Qxf8+ Rxf8 29. Rc5 h5 30. Rb1 Kf7 31. Kf1 Re8 32. Ke1 a6 33. Be4 Ree7 34. Ke2 Rd8 35. f4 a5 36. a3 Ra8 37. Be1 Rd7 1/2-1/2

[Event "GER-ch34 fin email"]
[Site "GER email"]
[Date "2004.??.??"]
[Round "?"]
[White "Baron, Marek"]
[Black "Bergmann, Michael"]
[Result "1-0"]
[WhiteElo "2259"]
[BlackElo "2180"]
[PlyCount "55"]
[EventDate "2004.??.??"]
[EventType "tourn (corr)"]
[EventRounds "10"]
[EventCountry "GER"]
[SourceTitle "Corr 2008"]
[Source "ChessBase"]
[SourceDate "2008.06.24"]
[SourceVersion "1"]
[SourceVersionDate "2008.06.24"]
[SourceQuality "1"]

1. e4 c5 2. Nf3 d6 3. d4 cxd4 4. Nxd4 Nf6 5. Nc3 a6 6. Be2 e6 7. 0-0 Be7 8. f4 0-0 9. Be3 Nc6 10. Qe1 Nxd4 11. Bxd4 b5 12. a3 Bb7 13. Qg3 g6 14. Qe3 Qc7 15. Rad1 Rac8 16. Kh1 Bd8 17. e5 Nd5 18. Nxd5 Bxd5 19. c3 Qc6 20. Qh3 Bb3 21. Bf3 d5 22. Rd2 Be7 23. g4 Rfd8 24. Bg2 Bf8 25. f5 a5 26. Qh4 Bg7 27. f6 Bf8 28. Rd3 1-0

[Event "GER-ch34 fin email"]
[Site "GER email"]
[Date "2004.??.??"]
[Round "?"]
[White "Baron, Marek"]
[Black "Rohde, Karsten"]
[Result "1/2-1/2"]
[WhiteElo "2259"]
[BlackElo "2285"]
[PlyCount "46"]
[EventDate "2004.??.??"]
[EventType "tourn (corr)"]
[EventRounds "10"]
[EventCountry "GER"]
[SourceTitle "Corr 2008"]
[Source "ChessBase"]
[SourceDate "2008.06.24"]
[SourceVersion "1"]
[SourceVersionDate "2008.06.24"]
[SourceQuality "1"]

1. d4 Nf6 2. Nf3 e6 3. Bg5 h6 4. Bh4 d6 5. e3 Nbd7 6. c4 g5 7. Bg3 Nh5 8. Nc3 Bg7 9. Bd3 Qe7 10. c5 0-0 11. cxd6 cxd6 12. Qb3 Ndf6 13. Qa3 Nxg3 14. hxg3 a6 15. Nd2 Rb8 16. Nc4 Rd8 17. Nb6 Nd7 18. Nxc8 Rbxc8 19. 0-0 Bf8 20. Rac1 d5 21. Qb3 Nf6 22. Rc2 Qb4 23. Qxb4 Bxb4 1/2-1/2

[Event "GER-ch34 V08 email"]
[Site "GER email"]
[Date "2002.??.??"]
[Round "?"]
[White "Bellmann, Heinz"]
[Black "Baron, Marek"]
[Result "1/2-1/2"]
[WhiteElo "2186"]
[BlackElo "1989"]
[PlyCount "87"]
[EventDate "2002.??.??"]
[EventType "tourn (corr)"]
[EventRounds "9"]
[EventCountry "GER"]
[SourceTitle "Corr 2011"]
[Source "ChessBase"]
[SourceDate "2010.08.31"]
[SourceVersion "1"]
[SourceVersionDate "2010.08.31"]
[SourceQuality "1"]

1. d4 Nf6 2. c4 e6 3. Nc3 d5 4. Nf3 Be7 5. Bg5 0-0 6. e3 Nbd7 7. Rc1 h6 8. Bh4 a6 9. cxd5 exd5 10. Bd3 c6 11. Qc2 Re8 12. 0-0 Ne4 13. Bxe7 Qxe7 14. Rce1 b6 15. Bxe4 dxe4 16. Nd2 Nf6 17. Rc1 a5 18. Na4 Rb8 19. Rfd1 Ba6 20. b3 c5 21. dxc5 Rec8 22. c6 Be2 23. Re1 Bb5 24. Nc3 Bd3 25. Qd1 Rxc6 26. Ne2 Rbc8 27. Rxc6 Rxc6 28. Nd4 Rc5 29. Nf1 b5 30. a3 Rc3 31. Qa1 Qc7 32. Ng3 Kh7 33. Qd1 b4 34. axb4 axb4 35. Nge2 Ng4 36. Nf4 Qd7 37. Qa1 g5 38. Nh5 Qd6 39. Ng3 Qf6 40. Ngf5 Qe5 41. Ng3 h5 42. Qd1 Qf6 43. Ndf5 Qe5 44. h3 1/2-1/2